[Event "ROM-ch U12"]
[Site "Calimanesti Caciulata"]
[Date "2019.04.16"]
[Round "2"]
[White "Stan, Vlad Stefan G"]
[Black "Abrudan, Alexandru"]
[Result "1-0"]
[WhiteElo "1113"]
[BlackElo "1180"]
[PlyCount "119"]
[EventDate "2019.04.15"]
[EventType "swiss"]
[EventRounds "9"]
[EventCountry "ROU"]
[SourceTitle "CBM 190 Extra"]
[Source "ChessBase"]
[SourceDate "2019.07.15"]
[SourceVersion "1"]
[SourceVersionDate "2019.07.15"]
[SourceQuality "1"]

1. e4 d5 2. exd5 Qxd5 3. Nf3 Nf6 4. Nc3 Qa5 5. Bc4 Bf5 6. 0-0 e6 7. d3 c6 8. Bd2 Bb4 9. a3 Bxc3 10. Bxc3 Qd8 11. Re1 Nbd7 12. Nh4 Bg4 13. Nf3 0-0 14. h3 Bh5 15. Qe2 Nd5 16. Bxd5 cxd5 17. Qd1 Re8 18. Bd2 e5 19. g4 Bg6 20. Bg5 f6 21. Bh4 e4 22. Nd4 Qb6 23. Nb3 exd3 24. Rxe8+ Rxe8 25. cxd3 Qb5 26. d4 a5 27. a4 Qb4 28. f4 Be4 29. Be1 Qd6 30. Bg3 b6 31. Qe1 g5 32. fxg5 Qe6 33. gxf6 Qxf6 34. Qf2 Qh6 35. h4 Rf8 36. Qd2 Qe6 37. Qg5+ Kh8 38. Be5+ Nxe5 39. Qxe5+ Qxe5 40. dxe5 Rg8 41. g5 h6 42. Nd2 hxg5 43. Nxe4 dxe4 44. Re1 gxh4+ 45. Kh2 Rc8 46. Rxe4 Rc2+ 47. Kh3 Rxb2 48. e6 Kg8 49. e7 Kg7 50. e8Q Rb3+ 51. Kxh4 Rf3 52. Rg4+ Kf6 53. Qf8+ Ke5 54. Qxf3 Ke6 55. Re4+ Kd7 56. Qd3+ Kc7 57. Rc4+ Kb7 58. Qd7+ Ka6 59. Qc8+ Ka7 60. Rc7# 1-0

[Event "ROM-ch U12"]
[Site "Calimanesti Caciulata"]
[Date "2019.04.15"]
[Round "1"]
[White "Boghici, Mario Bogdan"]
[Black "Stan, Vlad Stefan G"]
[Result "1-0"]
[WhiteElo "1476"]
[BlackElo "1113"]
[PlyCount "80"]
[EventDate "2019.04.15"]
[EventType "swiss"]
[EventRounds "9"]
[EventCountry "ROU"]
[SourceTitle "CBM 190 Extra"]
[Source "ChessBase"]
[SourceDate "2019.07.15"]
[SourceVersion "1"]
[SourceVersionDate "2019.07.15"]
[SourceQuality "1"]

1. e4 c6 2. d4 d5 3. exd5 cxd5 4. Bd3 Nc6 5. c3 Nf6 6. h3 h6 7. Nf3 e6 8. 0-0 Be7 9. Bf4 0-0 10. Re1 Re8 11. Ne5 Bd6 12. Nd2 Nd7 13. Nxc6 bxc6 14. Bxd6 Nf6 15. Be5 Bb7 16. Bxf6 Qxf6 17. Qf3 Qg5 18. Nb3 a5 19. Nc5 Rab8 20. Nd7 Rbd8 21. Nc5 Qe7 22. Qg4 Bc8 23. Qf4 f6 24. Bg6 Rf8 25. Qe3 Rd6 26. f4 f5 27. Nd3 Rf6 28. Ne5 Bd7 29. Nxd7 Qxd7 30. Bh5 g6 31. Bf3 Qg7 32. Qe5 Rd7 33. Bd1 g5 34. Ba4 Rg6 35. Qxg7+ Rdxg7 36. fxg5 Rxg5 37. Re2 f4 38. Rf1 Rf7 39. Rff2 Rfg7 40. Kh2 f3 1-0

[Event "ROM-ch U10"]
[Site "Baile Felix"]
[Date "2017.02.06"]
[Round "6"]
[White "Stan, Vlad Stefan G"]
[Black "Cristea, Matei Alexandru"]
[Result "0-1"]
[WhiteElo "1070"]
[BlackElo "1163"]
[PlyCount "48"]
[EventDate "2017.02.02"]
[EventType "swiss"]
[EventRounds "9"]
[EventCountry "ROU"]
[SourceTitle "CBM 176 Extra"]
[Source "ChessBase"]
[SourceDate "2017.03.02"]
[SourceVersion "1"]
[SourceVersionDate "2017.03.02"]
[SourceQuality "1"]

1. e4 e5 2. Nf3 Nc6 3. Bb5 a6 4. Ba4 Nf6 5. d3 h6 6. Bb3 Bc5 7. 0-0 0-0 8. Nc3 d6 9. Nd5 Be6 10. Nxf6+ Qxf6 11. Bxe6 fxe6 12. Re1 d5 13. exd5 exd5 14. Re2 Rae8 15. Bd2 e4 16. Bc3 Qf5 17. dxe4 dxe4 18. Nd2 Bxf2+ 19. Kh1 Bc5 20. Qe1 e3 21. Nf3 b5 22. Qg3 Rf7 23. Nh4 Qf1+ 24. Rxf1 Rxf1# 0-1

[Event "ROM-ch U10"]
[Site "Calimanesti Caciulata"]
[Date "2016.04.23"]
[Round "7"]
[White "Stan, Vlad Stefan G"]
[Black "Bondar, Toma Andrei"]
[Result "1-0"]
[WhiteElo "1001"]
[BlackElo "1001"]
[PlyCount "61"]
[EventDate "2016.04.18"]
[EventType "swiss"]
[EventRounds "9"]
[EventCountry "ROU"]
[SourceTitle "CBM 172 Extra"]
[Source "ChessBase"]
[SourceDate "2016.06.21"]
[SourceVersion "1"]
[SourceVersionDate "2016.06.21"]
[SourceQuality "1"]

1. d4 d5 2. c4 dxc4 3. e4 Nf6 4. Nc3 Bg4 5. f3 Bh5 6. Bxc4 e6 7. e5 Nd5 8. Nxd5 exd5 9. Bb3 Bb4+ 10. Bd2 Nc6 11. Bxb4 Nxb4 12. Qd2 a5 13. a3 Nc6 14. Ne2 0-0 15. 0-0 b5 16. Nf4 Bg6 17. Bxd5 Ra6 18. Nxg6 hxg6 19. Bxc6 Rxc6 20. d5 Rc5 21. Rac1 Rxc1 22. Rxc1 Qe7 23. Re1 Qc5+ 24. Kh1 a4 25. Rc1 Qe7 26. Qd4 Rc8 27. d6 Qe6 28. Rxc7 Rxc7 29. dxc7 Qa2 30. c8Q+ Kh7 31. Qh4# 1-0

[Event "ROM-ch U08"]
[Site "Calimanesti"]
[Date "2015.03.31"]
[Round "2"]
[White "Stan, Vlad Stefan G"]
[Black "Ababei, Razvan Constantin"]
[Result "0-1"]
[WhiteElo "1001"]
[BlackElo "1001"]
[PlyCount "58"]
[EventDate "2015.03.30"]
[EventType "swiss"]
[EventRounds "9"]
[EventCountry "ROU"]
[SourceTitle "CBM 165 Extra"]
[Source "ChessBase"]
[SourceDate "2015.04.21"]
[SourceVersion "1"]
[SourceVersionDate "2015.04.21"]
[SourceQuality "1"]

1. e4 e5 2. Nf3 Nc6 3. Bc4 Nd4 4. Nxd4 exd4 5. d3 Nf6 6. Bg5 h6 7. Bh4 Bc5 8. Nd2 0-0 9. 0-0 d6 10. a3 Bg4 11. Qe1 Qe8 12. Nb3 g5 13. Nxc5 dxc5 14. Bg3 Nh5 15. Bxc7 Nf4 16. Bxf4 gxf4 17. Bd5 f3 18. gxf3 Bh3 19. Bxb7 Rb8 20. Ba6 Bxf1 21. Kxf1 Kh8 22. e5 f6 23. exf6 Qf7 24. Bc4 Qxf6 25. Qe2 Rbe8 26. Qd1 Qh4 27. h3 Qxh3+ 28. Kg1 Rf6 29. Qf1 Rg6+ 0-1

[Event "ROM-ch U08"]
[Site "Calimanesti"]
[Date "2015.03.30"]
[Round "1"]
[White "Ciutureanu, David Gabriel"]
[Black "Stan, Vlad Stefan G"]
[Result "1-0"]
[WhiteElo "1061"]
[BlackElo "1001"]
[PlyCount "77"]
[EventDate "2015.03.30"]
[EventType "swiss"]
[EventRounds "9"]
[EventCountry "ROU"]
[SourceTitle "CBM 165 Extra"]
[Source "ChessBase"]
[SourceDate "2015.04.21"]
[SourceVersion "1"]
[SourceVersionDate "2015.04.21"]
[SourceQuality "1"]

1. e4 c6 2. d4 d5 3. exd5 cxd5 4. Nc3 Nf6 5. Nf3 Nc6 6. h3 e6 7. Bb5 Bd7 8. Be3 h6 9. 0-0 Bb4 10. Qd2 0-0 11. Bxh6 gxh6 12. Qxh6 Bxc3 13. bxc3 a6 14. Bd3 Re8 15. Ng5 Qe7 16. Rae1 Qf8 17. Bh7+ Kh8 18. Qxf6+ Qg7 19. Qf4 Rf8 20. Re3 f6 21. Nxe6 Bxe6 22. Rxe6 Kxh7 23. Qh4+ Kg8 24. Re3 Qh8 25. Rg3+ Kf7 26. Qf4 Ke8 27. Re1+ Kd8 28. Qd6+ Kc8 29. Qxd5 Re8 30. Rxe8+ Qxe8 31. Rg8 Qd8 32. Rxd8+ Nxd8 33. Qc5+ Kb8 34. h4 Ne6 35. Qd6+ Nc7 36. h5 f5 37. h6 Ka7 38. Qc5+ b6 39. Qxc7# 1-0